[Event "Russian Championship B17 2016"]
[Site "Loo"]
[Date "2016.04.22"]
[Round "3.3"]
[White "Galaktionov, Artem"]
[Black "Afanasiev, Nikita"]
[Result "1-0"]
[WhiteElo "2208"]
[BlackElo "2349"]
[PlyCount "99"]
[EventDate "2016.04.20"]

1. d4 d6 2. Nf3 Bg4 3. Nbd2 Nf6 4. h3 Bf5 5. c4 c6 6. b3 a5 7. Bb2 Qb6 8. g4
Bg6 9. Bg2 a4 10. O-O a3 11. Bc3 Ne4 12. Nxe4 Bxe4 13. Qd2 e6 14. Qf4 Bxf3 15.
Qxf3 Nd7 16. e4 Be7 17. Qg3 O-O 18. g5 e5 19. Rad1 Rad8 20. h4 Rfe8 21. f4 Nf8
22. f5 f6 23. Kh2 Nd7 24. Bf3 exd4 25. Bxd4 Qa5 26. Rg1 Ne5 27. Bh5 Rf8 28. Be3
Qc3 29. Bc1 Qxg3+ 30. Rxg3 fxg5 31. hxg5 d5 32. Bf4 Bd6 33. cxd5 c5 34. Be2 g6
35. f6 h5 36. Kh3 Nf7 37. Bxd6 Rxd6 38. Bb5 Rfd8 39. Rc1 Rc8 40. Kh4 Ne5 41.
Rgc3 Kf7 42. Rxc5 Rxc5 43. Rxc5 Nf3+ 44. Kg3 Nxg5 45. Kf4 Nh3+ 46. Ke5 Rb6 47.
Rc7+ Kf8 48. Bd7 Ng5 49. Rc8+ Kf7 50. Be8+ 1-0

[Event "Russian Championship B17 2016"]
[Site "Loo"]
[Date "2016.04.22"]
[Round "3.4"]
[White "Triapishko, Olexandr"]
[Black "Ergeshov, Timur"]
[Result "1-0"]
[WhiteElo "2474"]
[BlackElo "2209"]
[PlyCount "71"]
[EventDate "2016.04.20"]

1. d4 Nf6 2. Bf4 d5 3. e3 Bf5 4. c4 e6 5. Nc3 c6 6. Qb3 Qb6 7. c5 Qxb3 8. axb3
a6 9. h3 Nbd7 10. b4 Rc8 11. Nf3 h6 12. Nd2 g5 13. Bh2 Bg7 14. Nb3 Ra8 15. b5
O-O 16. bxc6 bxc6 17. Bxa6 e5 18. dxe5 Ne4 19. Nxe4 Bxe4 20. O-O Rfb8 21. e6
Rxb3 22. exd7 Bf6 23. Bc8 Rxa1 24. Rxa1 Bd8 25. Ra7 Rxb2 26. Bc7 Bf6 27. d8=Q+
Bxd8 28. Bxd8 Rb1+ 29. Kh2 Rb2 30. Kg3 Kg7 31. Be6 Bg6 32. Bd7 Rc2 33. Be7 h5
34. Bxg5 Rxc5 35. Bf4 Rc2 36. Be5+ 1-0

[Event "Russian Championship B17 2016"]
[Site "Loo"]
[Date "2016.04.22"]
[Round "3.5"]
[White "Sarana, Alexey"]
[Black "Borisovsky, Dmitry"]
[Result "1-0"]
[WhiteElo "2422"]
[BlackElo "2281"]
[PlyCount "85"]
[EventDate "2016.04.20"]

1. d4 Nf6 2. Nf3 g6 3. c4 Bg7 4. Nc3 d5 5. cxd5 Nxd5 6. g3 O-O 7. Bg2 Nb6 8.
O-O Nc6 9. e3 e5 10. d5 Na5 11. e4 c6 12. Bg5 f6 13. Be3 cxd5 14. Bxb6 Qxb6 15.
Nxd5 Qd8 16. Rc1 Nc6 17. b4 Bg4 18. h3 Bxf3 19. Qxf3 Qd6 20. Rc4 Bh6 21. Rd1
Nd4 22. Qg4 Rf7 23. a4 Kg7 24. Rd3 Qd7 25. Qd1 Rc8 26. Rxc8 Qxc8 27. Rc3 Qd8
28. h4 Qd6 29. h5 Nc6 30. hxg6 hxg6 31. Qb3 Bd2 32. Rc4 a5 33. Qd3 Bh6 34. bxa5
Nxa5 35. Rc8 Qd7 36. Ra8 Nc6 37. Rg8+ Kxg8 38. Nxf6+ Rxf6 39. Qxd7 Rf7 40. Qd6
Kh7 41. Bh3 Bf8 42. Qd5 Kg7 43. Bc8 1-0

[Event "Russian Championship B17 2016"]
[Site "Loo"]
[Date "2016.04.22"]
[Round "3.6"]
[White "Gunchenko, Vadim"]
[Black "Abelguzin, Dinar"]
[Result "0-1"]
[WhiteElo "2263"]
[BlackElo "2397"]
[PlyCount "94"]
[EventDate "2016.04.20"]

1. d4 Nf6 2. c4 g6 3. Nc3 Bg7 4. e4 d6 5. Be2 O-O 6. Be3 c5 7. e5 Ne8 8. dxc5
Bxe5 9. Nf3 Bxc3+ 10. bxc3 Qa5 11. Bh6 Qxc3+ 12. Nd2 Ng7 13. cxd6 exd6 14. O-O
Nc6 15. Rc1 Qf6 16. Ne4 Qe5 17. Bf3 Nd4 18. Bf4 Ne2+ 19. Qxe2 Qxf4 20. Rfd1 Ne6
21. Qd2 Rd8 22. Qxf4 Nxf4 23. Nxd6 Rb8 24. c5 Ne6 25. h3 Kf8 26. Rd2 Ke7 27.
Nc4 Rxd2 28. Nxd2 Nd4 29. Re1+ Be6 30. Be4 f5 31. Bd5 Kf6 32. Bxe6 Nxe6 33. Nb3
Rc8 34. Rb1 Rc7 35. Rc1 Ke5 36. Re1+ Kd5 37. Rd1+ Kc4 38. Rc1+ Kb5 39. Kf1 Nxc5
40. Nd4+ Ka6 41. f3 b6 42. Ke2 Rd7 43. Rc4 Rd5 44. Ke3 Kb7 45. Nc2 b5 46. Nb4
Re5+ 47. Kf4 bxc4 0-1

[Event "Russian Championship B17 2016"]
[Site "Loo"]
[Date "2016.04.22"]
[Round "3.7"]
[White "Bykov, Oleg"]
[Black "Komov, Roman"]
[Result "1-0"]
[WhiteElo "2389"]
[BlackElo "2258"]
[PlyCount "137"]
[EventDate "2016.04.20"]

1. d4 d6 2. Nf3 g6 3. e4 Bg7 4. Nc3 Nf6 5. Be2 O-O 6. h3 c6 7. O-O b5 8. Bd3 a6
9. Ne2 Nbd7 10. c3 e5 11. Ng3 Qc7 12. Be3 Rd8 13. Qe2 Bb7 14. a4 Nf8 15. c4
bxc4 16. Bxc4 d5 17. dxe5 N6d7 18. Bb3 Nxe5 19. Rfd1 Ne6 20. exd5 cxd5 21. Nd4
Nc6 22. Nxe6 fxe6 23. h4 Qe5 24. Qg4 Rf8 25. h5 Qf6 26. hxg6 hxg6 27. Bc5 Rf7
28. Bc2 Ne5 29. Qe2 Nc6 30. Qg4 Ne5 31. Qe2 Qh4 32. Rd4 Qh6 33. Rb4 Bf6 34. Be3
Qf8 35. Rb6 Bc8 36. Rb3 Qg7 37. Re1 Nc4 38. Bc5 e5 39. Ne4 Bd8 40. Nd6 Nxd6 41.
Bxd6 e4 42. Bc5 Bf6 43. Rg3 Bf5 44. Bb3 Rd7 45. Rd1 Be6 46. Re3 Qf7 47. f3 Rc8
48. Bd4 Bg5 49. fxe4 Bxe3+ 50. Qxe3 Rf8 51. exd5 Bxd5 52. Qe5 Qf5 53. Bxd5+ Kh7
54. Bf3 Qxe5 55. Bxe5 Rxd1+ 56. Bxd1 Re8 57. Bc3 g5 58. Bc2+ Kh6 59. Bd3 Re6
60. Bc4 Rc6 61. Bd5 Rc5 62. Bb7 a5 63. Ba6 Rc7 64. Bb5 Ra7 65. b4 axb4 66. Bxb4
g4 67. Bc5 Ra8 68. Bb6 Kg5 69. Kf2 1-0

[Event "Russian Championship B17 2016"]
[Site "Loo"]
[Date "2016.04.22"]
[Round "3.8"]
[White "Yashmetov, Mikhail"]
[Black "Elistratov, Semen"]
[Result "1/2-1/2"]
[WhiteElo "2212"]
[BlackElo "2329"]
[PlyCount "61"]
[EventDate "2016.04.20"]

1. d4 Nf6 2. Bg5 e6 3. e4 d6 4. Bd3 h6 5. Bxf6 Qxf6 6. c3 g6 7. Ne2 Bg7 8. O-O
Nd7 9. f4 Qe7 10. Nd2 O-O 11. e5 b6 12. Be4 Rb8 13. Bc6 Ba6 14. b4 Rbd8 15. Qe1
Nb8 16. Bf3 c5 17. Ne4 d5 18. Nd6 cxb4 19. cxb4 Bxe2 20. Bxe2 Nc6 21. Nb5 Rc8
22. Nd6 Ra8 23. Rd1 Rfd8 24. Kh1 Rxd6 25. exd6 Qxd6 26. g4 Qxb4 27. Qg3 Nxd4
28. Bd3 Nc6 29. f5 Ne5 30. f6 Nxd3 31. fxg7 {запись неразбор~~ива} 1/2-1/2

[Event "Russian Championship B17 2016"]
[Site "Loo"]
[Date "2016.04.22"]
[Round "3.9"]
[White "Malyshev, Grigory"]
[Black "Shoshin, Boris"]
[Result "1-0"]
[WhiteElo "2315"]
[BlackElo "2055"]
[PlyCount "108"]
[EventDate "2016.04.20"]

1. d4 d5 2. c4 c6 3. cxd5 cxd5 4. Bf4 Nc6 5. Nc3 Nf6 6. e3 e6 7. Bd3 Bd6 8.
Bxd6 Qxd6 9. f4 O-O 10. Nf3 a6 11. O-O b5 12. Ne5 Bb7 13. Qf3 Nd7 14. Qh3 f5
15. g4 g6 16. Qg3 Kh8 17. g5 Ndxe5 18. fxe5 Qb4 19. Rab1 Kg7 20. Ne2 Rh8 21.
Nf4 Qe7 22. Kf2 h6 23. gxh6+ Rxh6 24. Rg1 Kf7 25. Nxg6 Qe8 26. h3 Qg8 27. Nf4
Qxg3+ 28. Rxg3 Rah8 29. Rbg1 R8h7 30. Rg6 Bc8 31. Rxh6 Rxh6 32. Rc1 Bd7 33. a4
bxa4 34. Bxa6 Ke8 35. Bc8 Kd8 36. Bxd7 Kxd7 37. Ra1 Rh8 38. Rxa4 Rb8 39. Nd3
Kc7 40. b4 Kb6 41. Ra1 Kb5 42. Rc1 Ra8 43. Rc5+ Kb6 44. b5 Ra2+ 45. Kf3 Ne7 46.
Nf4 Rb2 47. Kg3 Rb1 48. Nxe6 Re1 49. Kf2 Rh1 50. Nf4 Rh2+ 51. Kg3 Rh1 52. Nxd5+
Nxd5 53. Rxd5 Re1 54. Kf4 Rf1+ 1-0

[Event "Russian Championship B17 2016"]
[Site "Loo"]
[Date "2016.04.22"]
[Round "3.10"]
[White "Abramov, Nikita"]
[Black "Gaifullin, Artur"]
[Result "0-1"]
[WhiteElo "2255"]
[BlackElo "2306"]
[PlyCount "92"]
[EventDate "2016.04.20"]

1. c4 e6 2. Nf3 Nf6 3. g3 d5 4. Bg2 Be7 5. O-O O-O 6. b3 c5 7. Bb2 Nc6 8. e3 d4
9. exd4 cxd4 10. Re1 Ne8 11. d3 Nc7 12. Ba3 f6 13. Bxe7 Qxe7 14. a3 a5 15. Nbd2
e5 16. Qe2 Be6 17. Rf1 Bg4 18. h3 Bh5 19. g4 Bf7 20. Nh4 Ne6 21. Bxc6 bxc6 22.
Ng2 g5 23. Qf3 Bg6 24. Ne4 Rab8 25. Rfb1 Bxe4 26. Qxe4 Nc5 27. Qxc6 Nxd3 28.
Qd5+ Kg7 29. Qxa5 Nc5 30. b4 Ne4 31. Rb2 Nc3 32. b5 h5 33. Ne3 Qb7 34. Nf5+ Kg6
35. c5 hxg4 36. hxg4 Qh7 37. Ng3 Ra8 38. Qb4 Qh3 39. b6 Rh8 40. b7 Ne4 41.
bxa8=Q Qh2+ 42. Kf1 Nxg3+ 43. Ke1 Qg1+ 44. Kd2 Qxf2+ 45. Kd3 Qf3+ 46. Kc4 Rxa8
0-1

[Event "Russian Championship B17 2016"]
[Site "Loo"]
[Date "2016.04.22"]
[Round "3.11"]
[White "Askerov, Marat"]
[Black "Galchenko, Matvey"]
[Result "1-0"]
[WhiteElo "2375"]
[BlackElo "2245"]
[PlyCount "118"]
[EventDate "2016.04.20"]

1. d4 Nf6 2. c4 c5 3. d5 e6 4. Nc3 exd5 5. cxd5 d6 6. e4 g6 7. f4 Bg7 8. Bb5+
Nfd7 9. Bd3 O-O 10. Nf3 Re8 11. O-O Na6 12. Be3 Nc7 13. a4 b6 14. Qd2 Ba6 15.
Rae1 Bxd3 16. Qxd3 Nf6 17. Bf2 Qd7 18. Bh4 Nh5 19. f5 gxf5 20. Ng5 h6 21. Nh3
fxe4 22. Rxe4 Be5 23. Qf3 Ng7 24. Bf6 Bxf6 25. Qxf6 Rxe4 26. Nxe4 Nxd5 27. Qxh6
Qe6 28. Qh4 Qg6 29. Neg5 Nf5 30. Qe1 Rf8 31. Rf3 Nd4 32. Rg3 Nf5 33. Rf3 Nd4
34. Rg3 Nf5 35. Rg4 Nf6 36. Rf4 Re8 37. Qb1 Nd5 38. Rxf5 Ne3 39. Rf1 Nxf1 40.
Qxf1 d5 41. Nf3 Qf6 42. Qb5 Qe7 43. Nf4 Qe3+ 44. Kf1 Rd8 45. Nd3 Re8 46. Nf4
Rd8 47. Nd3 Re8 48. h3 Re6 49. Nde1 d4 50. Qd7 Qe2+ 51. Kg1 Rg6 52. h4 Qxb2 53.
Qe8+ Kg7 54. Qe5+ Rf6 55. g4 Qb1 56. g5 Qf5 57. gxf6+ Qxf6 58. Qxf6+ Kxf6 59.
Kf2 a6 1-0

[Event "Russian Championship B17 2016"]
[Site "Loo"]
[Date "2016.04.22"]
[Round "3.12"]
[White "Smirnov, Timofey"]
[Black "Scherbakov, Mikhail"]
[Result "1-0"]
[WhiteElo "2303"]
[BlackElo "2139"]
[PlyCount "98"]
[EventDate "2016.04.20"]

1. e4 e5 2. Nf3 Nc6 3. Bb5 g6 4. c3 a6 5. Ba4 Bg7 6. d4 exd4 7. cxd4 b5 8. Bb3
Nge7 9. Nc3 d6 10. Nd5 O-O 11. Bg5 h6 12. Nf6+ Kh8 13. h4 Na5 14. Qd2 Nxb3 15.
axb3 Ng8 16. Nh7 f6 17. Nxf8 Qxf8 18. Bf4 Bb7 19. d5 Re8 20. O-O Rxe4 21. Rfe1
f5 22. Rxe4 fxe4 23. Nd4 Bxd5 24. Rxa6 Qc8 25. Ra5 Qg4 26. Rxb5 c6 27. Rb8 Kh7
28. Nc2 e3 29. fxe3 Nf6 30. Ne1 Ne4 31. Qc2 Qxh4 32. Nd3 g5 33. Bh2 g4 34. g3
Qf6 35. Nf4 h5 36. Re8 Qf5 37. Qd3 h4 38. gxh4 g3 39. Bxg3 Be5 40. Nxd5 cxd5
41. Re7+ Kh6 42. Qxd5 Qg6 43. Re6 Nf6 44. Qf3 Qb1+ 45. Qf1 Qg6 46. Qf3 Qb1+ 47.
Kg2 Qg6 48. Kh3 Qf7 49. Qf5 Qb7 1-0

[Event "Russian Championship B17 2016"]
[Site "Loo"]
[Date "2016.04.22"]
[Round "3.13"]
[White "Bubnov, Kirill"]
[Black "Sin, Denis"]
[Result "1/2-1/2"]
[WhiteElo "2159"]
[BlackElo "2298"]
[PlyCount "80"]
[EventDate "2016.04.20"]

1. d4 Nf6 2. c4 c5 3. d5 e6 4. Nc3 exd5 5. cxd5 d6 6. e4 g6 7. f3 Bg7 8. Bg5
O-O 9. Qd2 Re8 10. Nge2 a6 11. a4 Nbd7 12. Ng3 Qc7 13. Be2 Rb8 14. O-O c4 15.
Kh1 b5 16. axb5 axb5 17. Qf4 h5 18. Bh6 Bh8 19. Rac1 Nc5 20. b4 Nb3 21. Nxb5
Rxb5 22. Bxc4 Nxc1 23. Bxb5 Na2 24. Qd2 Nc3 25. Bxe8 Nxe8 26. Rc1 Ba6 27. Qe1
h4 28. Nh5 Qe7 29. Bd2 Ne2 30. Rc6 Bb5 31. Rb6 Nf4 32. Bc3 Ba4 33. Qa1 Qa7 34.
Bd4 Qxb6 35. Qxa4 Qxd4 36. Qxe8+ Kh7 37. Qxf7+ Kh6 38. Qxf4+ Kh7 39. Qf7+ Kh6
40. Qf4+ Kh7 1/2-1/2

[Event "Russian Championship B17 2016"]
[Site "Loo"]
[Date "2016.04.22"]
[Round "3.14"]
[White "Zhitnikov, Konstantin"]
[Black "Bezotechestvo, Konstantin"]
[Result "1/2-1/2"]
[WhiteElo "2288"]
[BlackElo "2064"]
[PlyCount "96"]
[EventDate "2016.04.20"]

1. e4 e5 2. Nf3 Nc6 3. Bb5 a6 4. Ba4 Nf6 5. O-O b5 6. Bb3 Bb7 7. d3 Be7 8. Nc3
d6 9. a3 O-O 10. Re1 Bc8 11. Nd5 Bg4 12. Nxf6+ Bxf6 13. Bd5 Qd7 14. c3 Be6 15.
Bxe6 fxe6 16. Be3 h6 17. d4 Rf7 18. Rc1 Raf8 19. Re2 Bd8 20. dxe5 Rxf3 21. gxf3
Qf7 22. Re1 Nxe5 23. f4 Qg6+ 24. Kf1 Ng4 25. h3 Nh2+ 26. Ke2 Qxe4 27. Qd3 Qf3+
28. Kd2 Qxh3 29. Kc2 Nf3 30. Rh1 Qf5 31. a4 Nh4 32. axb5 axb5 33. Ra1 Qxd3+ 34.
Kxd3 Ng6 35. Ra8 e5 36. fxe5 Nxe5+ 37. Ke2 Nc4 38. b3 Nxe3 39. fxe3 Bf6 40. Ra7
Rc8 41. Rc1 Be5 42. c4 b4 43. c5 dxc5 44. Rxc5 Bd6 45. Rd5 Re8 46. Kf3 Re6 47.
e4 g5 48. Raa5 Kf7 1/2-1/2

[Event "Russian Championship B17 2016"]
[Site "Loo"]
[Date "2016.04.22"]
[Round "3.15"]
[White "Klimentov, Evgeny"]
[Black "Neznanov, Aleksandr"]
[Result "1/2-1/2"]
[WhiteElo "2274"]
[BlackElo "2085"]
[PlyCount "134"]
[EventDate "2016.04.20"]

1. e4 c5 2. Nf3 e6 3. d4 cxd4 4. Nxd4 Nf6 5. Nc3 d6 6. Be2 Be7 7. O-O O-O 8.
Be3 Nc6 9. f4 a6 10. Qe1 Qc7 11. Qg3 Nxd4 12. Bxd4 b5 13. Bd3 Bb7 14. Rae1 d5
15. Bxf6 Bxf6 16. e5 Be7 17. f5 exf5 18. Bxf5 Kh8 19. Ne2 g6 20. Bd3 Qa5 21.
Kh1 Qb4 22. Rb1 Rae8 23. c3 Qc5 24. Nd4 Bd8 25. Nf3 b4 26. Rbc1 Qe3 27. Bc2
bxc3 28. bxc3 Bc6 29. Rfe1 Qc5 30. Nd4 Bd7 31. Re3 h6 32. Rf1 Bg5 33. Ref3 Qe7
34. Qf2 Kg7 35. h3 Rc8 36. Bb3 Rc5 37. e6 Be8 38. exf7 Bd7 39. Re1 Qd6 40. Ba4
Bc8 41. Be8 Rc7 42. h4 Bf6 43. Rf1 Be5 44. Re3 Bxd4 45. cxd4 Bf5 46. Qg3 Qxg3
47. Rxg3 Be6 48. Rgf3 Bxf7 49. Bxf7 Rcxf7 50. Rxf7+ Rxf7 51. Rb1 Rf4 52. Rb7+
Kf6 53. Rb6+ Kf5 54. g3 Rxd4 55. Rxa6 Rd2 56. g4+ Kf4 57. Kg1 h5 58. g5 Kg3 59.
Kf1 Kxh4 60. Rxg6 Rxa2 61. Rd6 Kxg5 62. Rxd5+ Kg4 63. Kg1 Ra4 64. Kh2 h4 65.
Rd8 Ra2+ 66. Kh1 Ra3 67. Kh2 h3 1/2-1/2

[Event "Russian Championship B17 2016"]
[Site "Loo"]
[Date "2016.04.22"]
[Round "3.16"]
[White "Klukin, Kirill"]
[Black "Saidov, Bilukhadzh"]
[Result "1/2-1/2"]
[WhiteElo "2259"]
[BlackElo "2027"]
[PlyCount "58"]
[EventDate "2016.04.20"]

1. d4 Nf6 2. Nf3 e6 3. c4 d5 4. e3 Nbd7 5. b3 c6 6. Bd3 Be7 7. Bb2 O-O 8. O-O
b6 9. Nc3 Bb7 10. Qe2 c5 11. cxd5 Nxd5 12. Nxd5 Bxd5 13. Rfd1 cxd4 14. Nxd4 Qb8
15. Bb5 Ne5 16. Nf5 Bf6 17. f4 Ng6 18. Bxf6 gxf6 19. Rxd5 exd5 20. Qh5 Qc8 21.
Bd3 Kh8 22. Qh6 Rg8 23. h4 Qc3 24. Rd1 Qb2 25. Nd6 Rg7 26. Nf5 Rgg8 27. Nd6 Rg7
28. Nf5 Rgg8 29. Nd6 Rg7 1/2-1/2

[Event "Russian Championship B17 2016"]
[Site "Loo"]
[Date "2016.04.22"]
[Round "3.17"]
[White "Bilan, Danila"]
[Black "Zaichikov, Andrey"]
[Result "1-0"]
[WhiteElo "2244"]
[BlackElo "2013"]
[PlyCount "75"]
[EventDate "2016.04.20"]

1. d4 Nf6 2. c4 g6 3. Nc3 Bg7 4. e4 d6 5. Bd3 O-O 6. Nge2 Nbd7 7. Ng3 e5 8. d5
Nc5 9. Bc2 a5 10. O-O Ne8 11. Be3 f5 12. exf5 gxf5 13. Nh5 Qh4 14. Nxg7 Nxg7
15. f4 b6 16. Qd2 Nd7 17. Rae1 Ba6 18. b3 Rae8 19. Rf3 Qe7 20. Ref1 Bc8 21. Nb5
Qd8 22. fxe5 Nxe5 23. Rg3 Ng6 24. Bg5 Qd7 25. Nd4 f4 26. Bxf4 Nxf4 27. Rxf4
Rxf4 28. Qxf4 Qe7 29. Nf3 Qe3+ 30. Qxe3 Rxe3 31. Bxh7+ Kh8 32. Kf2 Rc3 33. Ng5
Rxg3 34. Kxg3 Nh5+ 35. Kf3 Nf6 36. Bc2 Kg7 37. Ne6+ Bxe6 38. dxe6 1-0

[Event "Russian Championship B17 2016"]
[Site "Loo"]
[Date "2016.04.22"]
[Round "3.18"]
[White "Dobrocmyslov, Artem"]
[Black "Piskun, Denis"]
[Result "1-0"]
[WhiteElo "2215"]
[BlackElo "1689"]
[PlyCount "89"]
[EventDate "2016.04.20"]

1. d4 Nf6 2. Nc3 d5 3. Bg5 Nbd7 4. Nf3 g6 5. g3 Bg7 6. Bg2 O-O 7. O-O c6 8. Re1
h6 9. Bf4 Nh5 10. h4 Nxf4 11. gxf4 Nf6 12. e3 Bg4 13. Ne2 Qc8 14. Ne5 Bh3 15.
Bf3 Ng4 16. Nxg4 Bxg4 17. Ng3 Bxf3 18. Qxf3 Qh3 19. h5 Kh7 20. f5 gxh5 21. Qxh5
Qxh5 22. Nxh5 Rg8 23. Kf1 Bh8 24. Ke2 Rg5 25. Ng3 e5 26. c3 Re8 27. Kd3 Bf6 28.
Rh1 Rg4 29. Rh3 Rh4 30. Nh5 e4+ 31. Ke2 Bd8 32. Rxh4 Bxh4 33. Rh1 Bd8 34. Rg1
Rg8 35. Rxg8 Kxg8 36. c4 Kf8 37. cxd5 cxd5 38. Nf4 h5 39. Nxd5 Kg7 40. Nc3 Kf6
41. Nxe4+ Kxf5 42. Nd6+ Kg4 43. Nxf7 h4 44. Nxd8 h3 45. Kf1 1-0

[Event "Russian Championship B17 2016"]
[Site "Loo"]
[Date "2016.04.22"]
[Round "3.19"]
[White "Dubinin, Alexsandr"]
[Black "Mesnyankin, Nikita"]
[Result "1-0"]
[WhiteElo "2080"]
[BlackElo "2205"]
[PlyCount "59"]
[EventDate "2016.04.20"]

1. e4 e5 2. Nf3 Nc6 3. Nc3 Nf6 4. Bb5 Nd4 5. O-O c6 6. Bc4 Nxf3+ 7. Qxf3 Be7 8.
d4 exd4 9. e5 dxc3 10. exf6 Bxf6 11. Re1+ Kf8 12. bxc3 d5 13. Ba3+ Kg8 14. Rad1
Be6 15. Bf1 b5 16. c4 bxc4 17. Bxc4 Qa5 18. Bf1 Rc8 19. Bd6 d4 20. Rb1 Qxa2 21.
Qxc6 g6 22. Qf3 Kg7 23. Bd3 Qd5 24. Qg3 Rhd8 25. Bf4 Bf5 26. Re5 Bxe5 27. Bxe5+
f6 28. Bxf5 Qxe5 29. Rb7+ Kh8 30. Rxh7+ 1-0

[Event "Russian Championship B17 2016"]
[Site "Loo"]
[Date "2016.04.22"]
[Round "3.20"]
[White "Mestnikov, Aital"]
[Black "Trubchaninov, Timur"]
[Result "1-0"]
[WhiteElo "2063"]
[BlackElo "2194"]
[PlyCount "72"]
[EventDate "2016.04.20"]

1. e4 c5 2. Nf3 d6 3. d4 Nf6 4. Nc3 cxd4 5. Nxd4 Nc6 6. f3 e5 7. Nb3 Be7 8. Be3
Be6 9. Qd2 d5 10. exd5 Nxd5 11. Nxd5 Qxd5 12. Bd3 O-O 13. O-O-O Nb4 14. Be4 Qb5
15. Kb1 a5 16. a3 Rad8 17. Qf2 Nxc2 18. Qxc2 Bxb3 19. Bxh7+ Kh8 20. Qf5 Bxa3
21. Bc1 Rc8 22. Qh5 Rxc1+ 23. Kxc1 g6 24. Bxg6+ Kg7 25. Bd3 Rc8+ 26. Kd2 Bb4+
27. Ke2 Rc2+ 28. Kf1 Bc4 29. Qh7+ Kf6 30. Qh4+ Ke6 31. Qg4+ Ke7 32. Bxc4 Rxc4
33. Qg5+ Ke6 34. Kf2 f6 35. Qg8+ Ke7 36. Rd5 Bd6 1-0

[Event "Russian Championship B17 2016"]
[Site "Loo"]
[Date "2016.04.22"]
[Round "3.22"]
[White "Mestnikov, Aisen"]
[Black "Kuznetsov, Felix"]
[Result "1/2-1/2"]
[WhiteElo "2190"]
[BlackElo "2053"]
[PlyCount "51"]
[EventDate "2016.04.20"]

1. d4 Nf6 2. Nf3 e6 3. c4 b6 4. g3 Bb7 5. Bg2 Be7 6. Nc3 d5 7. O-O O-O 8. cxd5
exd5 9. Bf4 Na6 10. Qb3 Qc8 11. Rac1 Rd8 12. Ne5 Qe6 13. Rfd1 c5 14. Nb5 Qf5
15. dxc5 Nxc5 16. Qc2 Nfe4 17. Nd4 Qf6 18. f3 Ng5 19. Ng4 Qg6 20. Nf5 Bf8 21.
Ne5 Qf6 22. Ng4 Qg6 23. Ne5 Qf6 24. Ng4 Qg6 25. Ne5 Qf6 26. Ng4 1/2-1/2

[Event "Russian Championship B17 2016"]
[Site "Loo"]
[Date "2016.04.22"]
[Round "3.23"]
[White "Radzhabov, Rodion"]
[Black "Gagarin, Sergey"]
[Result "1/2-1/2"]
[WhiteElo "2172"]
[BlackElo "1997"]
[PlyCount "110"]
[EventDate "2016.04.20"]

1. e4 c5 2. Nf3 d6 3. d4 cxd4 4. Qxd4 Nc6 5. Bb5 Bd7 6. Bxc6 Bxc6 7. Nc3 Nf6 8.
Bg5 e6 9. O-O-O Be7 10. h4 O-O 11. Qd3 Qa5 12. Nd4 h6 13. f4 Qc7 14. Bxf6 Bxf6
15. g4 Bxd4 16. Qxd4 e5 17. Qxd6 Qxd6 18. Rxd6 exf4 19. Rf1 Rad8 20. Rxd8 Rxd8
21. Rxf4 Rd4 22. Rf5 Bd7 23. Ra5 a6 24. g5 hxg5 25. hxg5 Bc6 26. Re5 f6 27.
gxf6 gxf6 28. Rf5 Kg7 29. e5 fxe5 30. Rxe5 Kf6 31. Re2 Kf5 32. a3 Kf6 33. b4
Kf7 34. Kb2 Rd7 35. Ne4 Re7 36. Nd6+ Kf6 37. Rf2+ Ke5 38. Nc4+ Ke6 39. Na5 Kd7
40. Rf6 Bg2 41. Rf2 Bc6 42. c4 Kc7 43. c5 Bb5 44. Kc1 Re1+ 45. Kd2 Re7 46. Rf6
Re2+ 47. Kd1 Re7 48. Rb6 Kc8 49. Kd2 Re2+ 50. Kc3 Re3+ 51. Kd4 Rd3+ 52. Ke5
Re3+ 53. Kf4 Re7 54. Kg5 Rg7+ 55. Kf6 Rh7 1/2-1/2

[Event "Russian Championship B17 2016"]
[Site "Loo"]
[Date "2016.04.22"]
[Round "3.24"]
[White "Bogdanov, Nikita"]
[Black "Galiullin, Mikhail"]
[Result "0-1"]
[WhiteElo "2025"]
[BlackElo "2164"]
[PlyCount "80"]
[EventDate "2016.04.20"]

1. Nf3 Nf6 2. d4 g6 3. g3 Bg7 4. Bg2 O-O 5. O-O d6 6. c4 Nc6 7. Nc3 e5 8. d5
Ne7 9. e4 Nd7 10. Ne1 f5 11. Nd3 Nf6 12. Bg5 Nxe4 13. Nxe4 fxe4 14. Bxe4 Bf5
15. Qe2 Qd7 16. Bxe7 Qxe7 17. Rfe1 Rae8 18. Rac1 Qd7 19. b4 Qa4 20. Qc2 Qxc2
21. Rxc2 a5 22. bxa5 Ra8 23. Rb2 Rxa5 24. Bxf5 Rxf5 25. Rxb7 Rxa2 26. Rxc7 Rd2
27. Re3 g5 28. Re7 g4 29. Re6 Rf3 30. Rxf3 Rd1+ 31. Kg2 gxf3+ 32. Kxf3 Rxd3+
33. Ke4 Rd4+ 34. Kf5 Bf8 35. Rf6 Rxc4 36. h4 Be7 37. Re6 Kf7 38. Rh6 Kg7 39.
Re6 Bf8 40. Rf6 Rc7 0-1

[Event "Russian Championship B17 2016"]
[Site "Loo"]
[Date "2016.04.22"]
[Round "3.25"]
[White "Chilingaryan, Pavel"]
[Black "Lushnikov, Sergey"]
[Result "0-1"]
[WhiteElo "2125"]
[BlackElo "1953"]
[PlyCount "48"]
[EventDate "2016.04.20"]

1. Nf3 d5 2. g3 Nf6 3. Bg2 c6 4. O-O Bg4 5. c4 e6 6. d3 Nbd7 7. cxd5 exd5 8.
Nc3 Bd6 9. Qb3 Qb6 10. Qc2 O-O 11. e4 Rfe8 12. Be3 Qa6 13. Nh4 dxe4 14. dxe4
Bc5 15. Bf4 Nh5 16. Bd2 Ne5 17. Na4 Bd4 18. Nf5 Bxf5 19. exf5 Qe2 20. Qd1 Nd3
21. Be3 Rxe3 22. fxe3 Qxe3+ 23. Rf2 Qxf2+ 24. Kh1 Qe3 0-1

[Event "Russian Championship B17 2016"]
[Site "Loo"]
[Date "2016.04.22"]
[Round "3.26"]
[White "Shandrygin, Nikita"]
[Black "Akhtemov, Mustafa"]
[Result "1/2-1/2"]
[WhiteElo "2334"]
[BlackElo "1880"]
[PlyCount "78"]
[EventDate "2016.04.20"]

1. e4 e6 2. d4 d5 3. Nd2 Nf6 4. e5 Nfd7 5. f4 c5 6. c3 Nc6 7. Ndf3 Qa5 8. Kf2
Qb6 9. g3 cxd4 10. cxd4 Be7 11. Kg2 f6 12. Bd3 O-O 13. h4 Nxd4 14. Nxd4 fxe5
15. fxe5 Nxe5 16. Bc2 Bc5 17. Ngf3 Ng4 18. Rf1 e5 19. Nb3 Be6 20. Nxc5 Qxc5 21.
b4 Qb6 22. Qe2 e4 23. Bf4 Rxf4 24. gxf4 Ne3+ 25. Kh2 Nxf1+ 26. Rxf1 exf3 27.
Qxf3 Qc6 28. Bb3 Qd6 29. Re1 Bf7 30. Re5 Qf6 31. Kg3 b6 32. Qd1 h6 33. Bc2 Bg6
34. Bb3 Bf7 35. Bc2 Bg6 36. Bb3 Bf7 37. Qd3 Re8 38. Rxe8+ Bxe8 39. Qxd5+ Bf7
1/2-1/2

[Event "Russian Championship B17 2016"]
[Site "Loo"]
[Date "2016.04.22"]
[Round "3.27"]
[White "Selivanov, Ivan"]
[Black "Mukuk, Osman"]
[Result "1-0"]
[WhiteElo "2194"]
[BlackElo "1712"]
[PlyCount "55"]
[EventDate "2016.04.20"]

1. e4 d6 2. d4 g6 3. Nc3 Bg7 4. Be3 Nf6 5. f3 Nbd7 6. Qd2 O-O 7. Bh6 e5 8. Bxg7
Kxg7 9. g4 c6 10. O-O-O a6 11. h4 h5 12. dxe5 dxe5 13. gxh5 Nxh5 14. Bh3 Qxh4
15. Nge2 Qe7 16. Bxd7 Rd8 17. Rxh5 gxh5 18. Rg1+ Kh7 19. Rg5 Qf6 20. Rxh5+ Kg7
21. Rg5+ Kf8 22. Nd5 Qd6 23. Nec3 cxd5 24. Nxd5 Bxd7 25. Qh2 Bh3 26. Qxh3 f5
27. Qh8+ Kf7 28. Rg7+ 1-0

[Event "Russian Championship B17 2016"]
[Site "Loo"]
[Date "2016.04.22"]
[Round "3.1"]
[White "Pryalukhin, Danila"]
[Black "Volobuev, Vladimir"]
[Result "1-0"]
[WhiteElo "2011"]
[BlackElo "2062"]
[PlyCount "79"]
[EventDate "2016.04.20"]

1. d4 Nf6 2. c4 g6 3. Nc3 d5 4. cxd5 Nxd5 5. Bd2 Bg7 6. e4 Nxc3 7. Bxc3 O-O 8.
Rc1 b6 9. Nf3 Bb7 10. Bd3 Nd7 11. O-O c5 12. d5 Qc7 13. h3 Rad8 14. Qc2 Ne5 15.
Nxe5 Bxe5 16. b4 Bf4 17. Ra1 Rc8 18. b5 Rfe8 19. Be2 Red8 20. Rad1 h5 21. Qb2
Kh7 22. Bc4 e6 23. dxe6 fxe6 24. Rxd8 Rxd8 25. Bxe6 Bxe4 26. Re1 Bd5 27. Bxd5
Rxd5 28. Bf6 Rd7 29. Qe2 Bh6 30. Be5 Qb7 31. Bg3 Bg7 32. Qe8 Bf6 33. Be5 Bxe5
34. Rxe5 Qc7 35. g4 hxg4 36. hxg4 c4 37. Re3 Qd8 38. Rh3+ Kg7 39. Qe5+ Kf7 40.
Rh7+ 1-0